Aggressive and protective mediators in the regulation of intestinal mucosal integrity

Elmentve itt :
Bibliográfiai részletek
Szerző: Szepes Zoltán
További közreműködők: László Ferenc (Témavezető)
Lonovics János (Témavezető)
Dokumentumtípus: Disszertáció
Megjelent: 2007
Kulcsszavak:Orvostudomány
Tárgyszavak:
mtmt:31182827
Online Access:http://doktori.ek.szte.hu/5301
LEADER 00882nta a2200229 i 4500
001 dokt5301
005 20200218115142.0
008 200218s2007 hu om 0|| eng d
024 7 |a 31182827  |2 mtmt 
040 |a SZTE Doktori Repozitórium  |b hun 
041 |a eng 
100 1 |a Szepes Zoltán 
245 1 0 |a Aggressive and protective mediators in the regulation of intestinal mucosal integrity  |h [elektronikus dokumentum] /  |c  Szepes Zoltán 
260 |c 2007 
502 |a Disszertacio 
650 4 |a elméleti orvostudományok 
650 4 |a Általános orvostudomány 
695 |a Orvostudomány 
700 0 1 |a László Ferenc  |e ths 
700 0 1 |a Lonovics János  |e ths 
856 4 0 |u https://doktori.bibl.u-szeged.hu/id/eprint/5301/1/2004_szepes_zoltan.pdf  |z Dokumentum-elérés  
856 4 0 |u https://doktori.bibl.u-szeged.hu/id/eprint/5301/2/2004_szepes_zoltan_publikaciok.pdf  |z Dokumentum-elérés